000 01228nam a2200313 i 4500
003 DO-SdBNP
005 20240513095744.0
006 a||||gr|||| 00| 0
007 ta
008 240513e2023 dr a|||| |||| 00| e spa d
020 _a9789945484618
040 _aDO-SdBNP
_bspa
_cBNPHU
_erda
082 4 _222
_bP426c
100 1 _aPeralta Cuevas, Mercedes
_eautor
_985441
245 1 0 _aCondominio:
_bestudio, análisis y práctica de la Ley 5038-58 de cara al derecho inmobiliario /
_cMercedes Peralta Cuevas
264 _aSanto Domingo :
_bFLAM,
_c2023
300 _a165 páginas :
_bilustraciones ;
_c22 cm.
336 _2rdacontent
_atexto
_btxt
337 _2rdamedia
_asin mediación
_bn
338 _2rdacarrier
_avolumen
_bnc
500 _aImagen de portada: "Vista panorámica del Hotel jaragua, 1964, Malecón de Santo Domingo.
500 _aIncluye datos biográficos de la autora en las solapas de las cubiertas.
590 _aInventariado 2024 / MF
650 4 _aDerecho de Propiedad
_zRepública Dominicana
_94070
650 4 _aRegistro de propiedad
_zRepública Dominicana
_984746
650 4 _aCondominio
_xLegislación
_936227
710 2 _aFundación Literaria Aníbal Montaño (FLAM)
_972768
942 _2ddc
_cLBS1
999 _c56633
_d56633